Movies Quiz

Random Movies or Cast Quiz

Wizard of Oz Cast Quiz Stats

 Plays Quiz Updated Jun 21, 2019

Score 0/10 Timer 05:00
1 Play Today
Character Actor/Actress % Correct
Dorothy GaleJudy Garland
98.4%
The Wicked Witch of the WestMargaret Hamilton
64.2%
The Cowardly LionBert Lahr
63.6%
The ScarecrowRay Bolger
62.5%
GlindaBillie Burke
55.4%
The Tin ManJack Haley
54.3%
The Wizard of OzFrank Morgan
46.1%
TotoTerry
39.3%
Uncle HenryCharley Grapewin
28.9%
Auntie EmClara Blandick
26.5%

You're not logged in!

Compare scores with friends on all Sporcle quizzes.
OR
Log In

Sporcle TV

Today on Sporcle TV


Watch our educational content, quiz creation guides, and fun videos on Sporcle TV.

Show Comments

Extras

Top Quizzes Today


Score Distribution

Your Account Isn't Verified!

In order to create a playlist on Sporcle, you need to verify the email address you used during registration. Go to your Sporcle Settings to finish the process.

Report this User

Report this user for behavior that violates our Community Guidelines.

Details: